Normal view MARC view
  • Villota Alonso, María Teresa

Entry Nombre Corporativo

Number of records used in: 1

001 - NÚMERO DE CONTROL

  • campo de control: 46770

003 - IDENTIFICADOR DE NUMERO DE CONTROL

  • campo de control: UPN

005 - FECHA Y HORA DE LA ÜLTIMA TRANSACCIÓN

  • campo de control: 20220926171330.0

008 - DATOS DE LONGITUD FIJA

  • campo de control de longitud fija: 220926|||az|nnaaan a aba d

040 ## - FUENTE DE CATALOGACIÓN

  • Agencia original de catalogación: MX-MxUPN
  • Lenguaje de catalogación: spa
  • Description conventions: rda

110 1# - ENCABEZAMIENTO - NOMBRE CORPORATIVO

  • Nombre corporativo o de jurisdicción como elemento de entrada : Villota Alonso, María Teresa

373 ## - GRUPO ASOCIADO

  • Associated group: Mancomunidad Intermunicipal de Servicios Sociales del Este de Madrid
  • Associated group: Observatorio Regional de Violencia de Género (Madrid)

374 ## - OCUPACIÓN

  • Occupation: Psicóloga

375 ## - GÉNERO

  • Gender: femenino

400 ## - VEÁSE - NOMBRE DE PERSONA

  • Código de relación: Alonso, María Teresa Villota

670 ## - FUENTE EN LA QUE SE LOCALIZARON DATOS

  • Cita de la fuente : Guía de prevención de la violencia de género, 2020:
  • Información localizada: portada (María Teresa Villota Alonso) página 12 (María Teresa Villota Alonso, psicóloga general sanitaria...ha trabajado coordinando el punto Mancomunado del Observatorio Regional de Violencia de Género en la Sierra Norte de Madrid... trabaja en la Mancomunidad Intermunicipal de Servicios Sociales del Este de Madrid).

902 ## - CATALOGADOR

  • Catalogador: VAGG/260922